Score 0/20 Timer 02:00
3 Plays Today
Artist Missing Word % Correct
Whitney HoustonAlways
96.9%
Mariah CareyTogether
91.9%
BeyoncéSingle
90.1%
Whitney HoustonDance
76.5%
Mariah CareyBaby
75.6%
Whitney HoustonWoman
74.7%
Whitney HoustonYour
74.2%
Mariah CareyLove
74%
BeyoncéBoy
72.6%
Alicia KeysEmpire
64%
Artist Missing Word % Correct
Alicia KeysGot
59.8%
Whitney HoustonGreatest
57.8%
BeyoncéDreams
32.8%
Alicia KeysNo
30.5%
Mariah CareySweet
29.2%
BeyoncéAlarm
28.1%
Alicia KeysWorth
23.6%
Mariah CareyCan't
21.3%
BeyoncéGet
20.4%
Alicia KeysReady
13.5%

Today's Daily Dose

Missing Word
'T' Pairs

Word Ladder
Game Pieces

Get the Picture
Baseball Movies

Remove Ads.
Support Sporcle.
Get the best of Sporcle when you Go Orange. This ad-free experience offers more features, more stats, and more fun while also helping to support Sporcle. Thank you for becoming a member.

You're not logged in!

Compare scores with friends on all Sporcle quizzes.
OR
Log In

Show Comments

Extras

Top Quizzes Today


Score Distribution

Your Account Isn't Verified!

In order to create a playlist on Sporcle, you need to verify the email address you used during registration. Go to your Sporcle Settings to finish the process.

Report this User

Report this user for behavior that violates our Community Guidelines.

Details: